Times por Escudo - Ligue 1 24/25 - Statistics

Estatísticas Gerais
  • Esse quiz foi jogado 77 vezes
  • A pontuação média é 13 de 18
Estatísticas das Respostas
Imagem Resposta % Correto
Paris Saint-Germain
96%
Mônaco
93%
Lille
92%
Nantes
92%
Lyon
89%
Olympique de Marselha
88%
Nice
82%
Montpellier
72%
Toulouse
68%
Lens
67%
Rennes
67%
Strasbourg
67%
Saint-Étienne
64%
Reims
61%
Angers
56%
Brest
56%
Auxerre
54%
Le Havre
40%
Nenhum quiz correspondente encontrado
Distribuição das Pontuações
Porcentagem de Pessoas com Cada Pontuação
Percentil de Números Respondidos
Sua Pontuação Histórica
Você não jogou esse quiz